LEADER 00994cam0-2200301---450- 001 990004829680403321 005 20131028123937.0 035 $a000482968 035 $aFED01000482968 035 $a(Aleph)000482968FED01 035 $a000482968 100 $a19990604d1930----km-y0itay50------ba 101 0 $afre 102 $aFR 105 $a--------001ay 200 1 $aMadame Bovary$emoeurs de province$esuivie des réquisitoire, plaidoirie et jujement du procès intenté a l'auteur devant le Tribunal Correctionel de Paris, audiences des 31 janvier et 7 février 1857$fGustave Flaubert 205 $aÉdition définitive 210 $aParis$cBibliothèque-Charpentier$d1930 215 $a461 p.$d19 cm 676 $a843.8 700 1$aFlaubert,$bGustave$f<1821-1880>$0142392 801 0$aIT$bUNINA$gRICA$2UNIMARC 901 $aBK 912 $a990004829680403321 952 $a843.8 FLAU 6(2)$bIst.f.m. s.i.$fFLFBC 959 $aFLFBC 996 $aMadame Bovary$913144 997 $aUNINA LEADER 00870nam0-2200265 --450 001 9910776287603321 005 20240125171338.0 100 $a20240125d1978----kmuy0itay5050 ba 101 0 $aeng 102 $aNL 105 $aa 001yy 200 1 $aSymptoms of virus diseases in plants$ewith indexes of names of symptoms in english, dutch, german, french, italian and spanish$fL. Bos 205 $a3. ed. revised 210 $aWageningen$cCentre for agricultural publishing and documentation$d1978 215 $a225 p.$cill.$d21 cm. 610 0 $aPatologia vegetale 676 $a632.3$v20$zita 700 1$aBos,$bLuite$f<1928-2010>$0308196 801 0$aIT$bUNINA$gREICAT$2UNIMARC 901 $aBK 912 $a9910776287603321 952 $aA PAT 877$b763/2024$fFAGBC 959 $aFAGBC 996 $aSymptoms of Virus Diseases in Plants$9373641 997 $aUNINA